00922nam a2200241Ia 4500001000600000003000900006008004100015040001300056040001300069041001200082100001600094100002900110245005500139245005800194250001100252260001100263260002600274260004900300300005900349500019800408650004300606650003100649F0096IT-RoPAU130308s9999 xx 000 0 und d aIT-RoPAU cIT-RoPAU aINGLESE aPoster Mark gCodice Aut. SPICS: 45055 aCyberdemocracy: the Internet and the Public Sphere bVirtual Politics - Identity & Community in Cyberspace a1a ed. aLONDON bSage Publications Ltd c1997 [1° Ed.:1997 - Ed.Ling.Originale:1997] a"17 p. (prefazione: no ; testo: 17 [pagine: 212-228])" aDemocrazia Cibernetica: internet e la sfera Pubblica. tecnologia Decentrata. internet Come sfera Pubblica?. internet Come tecnologia Postmoderna?. Genere e Comunità€ Virtuali. politici Cyborg. aSOCIOLOGIA DELLA COMUNICAZIONE SOCIALE eCodice materia Spics: 3806